Les plus grandes agglomérations d'Irlande - Statistiques

Statistiques générales
  • Ce quiz a été pris 103 fois
  • Le résultat moyen est 5 sur 10
Statistiques - réponses
Place Habitants Nom % Correct
1. 1 173 179 Agglomération de Dublin
100%
2. 208 669 Agglomération de Cork
92%
4. 79 934 Agglomération de Galway
83%
3. 94 192 Agglomération de Limerick
81%
5. 53 504 Agglomération de Waterford
55%
8. 39 004 Agglomération de Dundalk
32%
6. 40 956 Agglomération de Drogheda
24%
9. 32 600 Agglomération de Bray
19%
7. 39 248 Agglomération de Swords
15%
10. 30 173 Agglomération de Navan
14%
Aucun quiz correspondant
Distribution des résultats
% des personnes avec chaque résultat
Percentile par nombre de réponses
Votre historique - résultats
Vous n’avez pas pris ce quiz